Subálgebras maximales de un álgebra de Lukasiewicz trivalente finita /
Guardado en:
| Autor Principal: | |
|---|---|
| Otros Autores: | |
| Formato: | Libro |
| Idioma: | Spanish |
| Publicado: |
Bahía Blanca :
Instituto de Matemática,
2006.
|
| Series: | Informe técnico interno (Instituto de Matemática, Universidad Nacional del Sur) ;
no. 94 |
| Etiquetas: |
Agregar Etiqueta
Sin Etiquetas, Sea el primero en etiquetar este registro!
|
| LEADER | 00694nam a22001695a 4500 | ||
|---|---|---|---|
| 001 | MAT.inmabb003975 | ||
| 008 | 060828s2006####ag#a#####b####000#0#spa#d | ||
| 005 | 20180613164547.0 | ||
| 245 | 1 | 0 | |a Subálgebras maximales de un álgebra de Lukasiewicz trivalente finita / |c Luiz Monteiro y Sonia Savini. |
| 260 | |a Bahía Blanca : |b Instituto de Matemática, |c 2006. | ||
| 300 | |a 17 h. : |b il. ; |c 30 cm. | ||
| 490 | 0 | |a Informe técnico interno ; |v no. 94 | |
| 504 | |a Incluye referencias bibliográficas (p. 17). | ||
| 100 | 1 | |a Monteiro, Luiz Fernando. | |
| 700 | 1 | |a Savini, Sonia. | |
| 830 | 0 | |a Informe técnico interno (Instituto de Matemática, Universidad Nacional del Sur) ; |v no. 94 | |
| 859 | |p ITI-94 |b BIB. MATEMATICA | ||
